Online Catalogue and eLibrary

Vidivelli poothththu (Record no. 3799)

MARC details
000 -LEADER
fixed length control field 00334nam a2200145Ia 4500
005 - DATE AND TIME OF LATEST TRANSACTION
control field 20250404025243.0
008 - FIXED-LENGTH DATA ELEMENTS--GENERAL INFORMATION
fixed length control field 240331s9999 xx 000 0 und d
082 ## - DDC Classification
Item Number - Author Mark SOM
Class No. 894
100 ## - MAIN ENTRY--PERSONAL NAME
Personal name Somu, E
245 #0 - TITLE STATEMENT
Title Vidivelli poothththu
260 ## - PUBLICATION, DISTRIBUTION, ETC.
Place of publication, distribution, etc. Jaffna
Name of publisher, distributor, etc. Varathar Veliyidu
Date of publication, distribution, etc. 1989
300 ## - PHYSICAL DESCRIPTION
Extent (e.g. Volumes, Pages etc.) 146 p .,
650 ## - SUBJECT ADDED ENTRY--TOPICAL TERM
Topical term or geographic name entry element Naval
942 ## - Koha item type (Biblio)
Koha item type Books in Stacks (Lending)
Holdings
Lost status Damaged status Collection code Home library Current library Shelving location Date acquired Full call number Accession Number Item type
    Lending WERC Library WERC Library Social Science Cupboard 03/31/2024 894.811 SOM 2361 Books in Stacks (Lending)

© WERC Library